Проресивная грамматика французкого языка (Запис № 311309)

МАРК-запис
000 -Лідер
fixed length control field 00632nam a22002417a 4500
003 - Ідентифікатор контрольного номера
control field UA-OsUOA
001 - Контрольний номер
control field 25019
007 - Фіксоване поле фізичного опису
fixed length control field ta
008 - Елементи даних фіксованої довжини – загальна інформація
fixed length control field 20040309b un ||||| |||| 00| 0 ukr d
090 ## - Локальний шифр розміщення
Класифікаційний індекс УДК 81'36=133.1
Авторський знак (НП) П78
040 ## - Джерело каталогізації
Агенція оригінальної каталогізації UA-OsUOA
Мова каталогізації rus
Агенція, яка здійснювала перезапис UA-OsUOA
Агенція, яка здійснювала модифікацію UA-OsUOA
041 ## - Код мови
Код мови тексту/ звукової доріжки чи окремого заголовка (П) rus
080 ## - Індекс Універсальної десяткової класифікації
Індекс Універсальної десяткової класифікації (УДК) (НП) 81'36=133.1
020 ## - Міжнародний стандартний книжковий номер (ISBN)
Міжнародний стандартний книжковий номер (ISBN) (НП) 966-7269-03-5
044 ## - Код країни видавця/ виробника
Код країни видавця/ виробника (П) RU
245 ## - Відомості про назву
Назва (НП) Проресивная грамматика французкого языка
Дані про відповідальність (НП) Ред. Л.Ф.Ильченко
260 ## - Публікація, розповсюдження і т.п. (Вихідні дані)
Місце публікації, розповсюдження і т.п. (П) Киев
Ім’я/ наймення видавництва, розповсюджувача і т.п. (П) Методика
Дата публікації, розповсюдження і т.п. (П) 1997
300 ## - Фізичний опис
Обсяг 256 с.
650 #7 - Додаткове предметне введення – тематичний термін
Джерело заголовка чи терміна UDC
942 ## - Додаткові елементи входу (Коха)
Тип елемента Koha Книги
955 ## - Код типу видання за змістом
Код типу видання за змістом (НП) інше
Фонди
Стан вилучень Стан втрат Джерело класифікації або схеми стелажів Стан уражень Не для кредиту Постійне місце розташування Поточне розміщення Дата придбання Вартість, звичайна ціна покупки Інвентарний номер Усього замовленно Повний номер виклику Штрих-код Перевірено Дата останнього перегляду Дата останньої перевірки Ціна ефективна від Тип елемента Koha
    Universal Decimal Classification     АБ - Абонемент НБ АБ - Абонемент НБ 09/03/2004 21.60 78055 1 81'36=133.1 П78 78055 15/08/2024 17/05/2024 17/05/2024 09/03/2004 Книги
    Universal Decimal Classification     АБ - Абонемент НБ АБ - Абонемент НБ 09/03/2004 21.60 78056 1 81'36=133.1 П78 78056 15/08/2024 17/05/2024 17/05/2024 09/03/2004 Книги
    Universal Decimal Classification     АБ - Абонемент НБ АБ - Абонемент НБ 09/03/2004 21.60 78057 2 81'36=133.1 П78 78057 15/08/2024 17/05/2024 17/05/2024 09/03/2004 Книги
    Universal Decimal Classification     АБ - Абонемент НБ АБ - Абонемент НБ 09/03/2004 21.60 78058 1 81'36=133.1 П78 78058 15/08/2024 17/05/2024 17/05/2024 09/03/2004 Книги
    Universal Decimal Classification     АБ - Абонемент НБ АБ - Абонемент НБ 09/03/2004 21.60 78059 2 81'36=133.1 П78 78059 15/08/2024 17/05/2024 17/05/2024 09/03/2004 Книги
Withdrawn   Universal Decimal Classification     АБ - Абонемент НБ АБ - Абонемент НБ 09/03/2004 21.60 78060   81'36=133.1 П78 78060   13/07/2019   09/03/2004 Книги
    Universal Decimal Classification     АБ - Абонемент НБ АБ - Абонемент НБ 09/03/2004 21.60 78061 2 81'36=133.1 П78 78061 15/08/2024 17/05/2024 17/05/2024 09/03/2004 Книги
    Universal Decimal Classification     АБ - Абонемент НБ АБ - Абонемент НБ 09/03/2004 21.60 78062 2 81'36=133.1 П78 78062 15/08/2024 17/05/2024 17/05/2024 09/03/2004 Книги
    Universal Decimal Classification     АБ - Абонемент НБ АБ - Абонемент НБ 09/03/2004 21.60 78063 1 81'36=133.1 П78 78063 15/08/2024 17/05/2024 17/05/2024 09/03/2004 Книги
    Universal Decimal Classification     АБ - Абонемент НБ АБ - Абонемент НБ 09/03/2004 21.60 78064 2 81'36=133.1 П78 78064 15/08/2024 17/05/2024 17/05/2024 09/03/2004 Книги